ბათუმის შოთა რუსთაველის სახელმწიფო უნივერსიტეტის ბიბლიოთეკა

გიორგი სააკაძე : ჰეპტალოგიიდან-"შვიდი გიორგი / (ბიბ.ჩანაწერი № 56335)

000 -ლიდერი
ფიქსირებული სიგრძის საკონტროლო ველი 01358nam a2200289Ia 4500
001 - საკონტროლო ნომერი
საკონტროლო ველი 23448
003 - საკონტროლო ნომრის იდენტიფიკატორი
საკონტროლო ველი GE_BSU
005 - ბოლო ოპერაციის თარიღი და დრო
საკონტროლო ველი 20260120205650.0
008 - ფიქსირებული სიგრძის მონაცემთა ელემენტები - ზოგადი ინფორმაცია
ფიქსირებული სიგრძის საკონტროლო ველი 181216s1988||||ge |||||||||||||| ||geo||
020 ## - წიგნის საერთაშორისო სტანდარტული ნომერი
International Standard Book Number 5511001228
040 ## - კატალოგიზაციის წყარო
Transcribing agency GE_BSU
041 ## - ენის კოდი
Language code of text/sound track or separate title geo
080 ## - უნივერსალური ათობითი კლასიფიკაციის ინდექსი
Universal Decimal Classification number 821.353.1-311.6 + 94(479.22)"1570-1629 ს-26
100 ## - მთავარი ჩანაწერი - პიროვნების სახელი
Personal name სანიკიძე, ლ.
9 (RLIN) 476
245 ## - ცნობა სათაურის შესახებ
Title გიორგი სააკაძე : ჰეპტალოგიიდან-"შვიდი გიორგი /
Statement of responsibility, etc ლ. სანიკიძე ; რედ. : რ. მეტრეველი ; მხატვ. : ო. ვარვარიძე.
264 ## - წარმოების, გამოცემის, დისტრიბუციის და სხვა ცნობები
გამოცემის, წარმოების, დისტრიბუციის... ადგილი თბილისი :
გამოცემის, წარმოების, დისტრიბუციის... სახელწოდება თბილ. უნ-ტის გამ-ბა,
გამოცემის, წარმოების, დისტრიბუციის... თარიღი 198.
300 ## - ფიზიკური აღწერა
Extent 254 გვ. ;
Dimensions 21 სმ.
504 ## - BIBLIOGRAPHY, ETC. NOTE
Bibliography, etc ბიბლიოგრ.: გვ. 239-240
504 ## - BIBLIOGRAPHY, ETC. NOTE
Bibliography, etc სახელთა საძიებელი: გვ. 241-249
653 ## - INDEX TERM--UNCONTROLLED
Uncontrolled term გიორგი სააკაძე : ჰეპტალოგიიდან-"შვიდი გიორგი
653 ## - INDEX TERM--UNCONTROLLED
Uncontrolled term ისტორია
653 ## - INDEX TERM--UNCONTROLLED
Uncontrolled term სააკაძე, გიორგი
700 ## - ADDED ENTRY--PERSONAL NAME
Personal name მეტრეველი, რ.
Relator term რედაქტორი
9 (RLIN) 26709
700 ## - ADDED ENTRY--PERSONAL NAME
Personal name ვარვარიძე, ო.
Relator term მხატვარი
9 (RLIN) 26710
942 ## - ADDED ENTRY ELEMENTS (KOHA)
Koha item type წიგნი
Source of classification or shelving scheme
ეგზემპლარები
ჩამოწერის სტატუსი დაკარგული ეგზემპლარის სტატუსი კლასიფიკაციის წყარო ან თაროზე გაწყობის სქემა დაზიანების სტატუსი არ გაიცემა მუდმივი მდებარეობა (დაცვის ადგილი) ამჟამინდელი ადგილსამყოფელი თაროზე განთავსების ადგილი შეძენის თარიღი ღირებულება, შესყიდვის ნორმალური ფასი სრული შენახვის შიფრი შტრიხკოდი ბოლო ოპერაციის თარიღი ეგზემპლარის მიმდევრობითი ნომერი (კეტერი?) ფასის ძალაში შესვლის თარიღი ეგზემპლარის სახეობა საჯარო შენიშვნა
          ბათუმის შოთა რუსთაველის სახელმწიფო უნივერსიტეტის მთავარი ბიბლიოთეკა ბათუმის შოთა რუსთაველის სახელმწიფო უნივერსიტეტის მთავარი ბიბლიოთეკა წიგნსაცავი 2018-12-17 6.00 821.353.1-311.6 + 94(479.22) ს-26 28360 2018-12-17 28360 2018-12-17 წიგნი 6.00 ₾.